000 00319nam a22001337a 4500
008 170403b xxu||||| |||| 00| 0 eng d
020 _a0761828761
041 _aeng
080 _a574
100 _a9
101 _aSHM
245 _aETHNICITIES, COMMUNITY MAKING, AND AGRARIAN CHANGE
_cIIAHIANE, H
942 _2udc
_cBK
999 _c9558
_d9558